000 01185nam a2200325 i 4500
003 EG-GICUC
005 20260427031151.0
008 260427s2003 be ||||fr|||| 00| 0 fre d
040 _aEG-GiCUC
_bfre
_cEG-GiCUC
_dEG-GiCUC
_eRda
043 _abe #
082 0 4 _221
_a341.762
_bC O . C
092 0 4 _221
_a341.762
099 _aLaw1 11 341.762 C O . C 2003
100 1 _aConquy Beer-Gabel, J
245 1 4 _aLes commissions de pêche et leur droit :
_b La conservation et la gestion des ressources marines vivantes /
_cJosette Beer-Gabel et Véronique Lestang.
264 1 _aBruxelles :
_bEditions Bruylant,
_c2003
300 _a289 page :
_c 24 cm.
336 _2rda contenu
_a texte
337 _2rda medias
_aOrdinateur
338 _2 transporteur rda
_a Ressource en ligne
504 _aBibliography: pages 200-250. 240-220
650 1 _aRessources naturelles -- Protection -- Droit international
_2qrmak
650 1 _aLaw of the sea
650 1 _aDroit international / Droit de la mer
651 1 _2qrmak
700 1 _aVéronique Lestang.
_eCo-Auteur
856 4 0 _uhttps://fll.law.cu.edu.eg/fulltext/bks/B11-09335.pdf
905 _a15
942 _2ddc
_cBK
_e21
_n0
999 _c73507
_d73507